LIBRARY & INFORMATION CENTRE, KCAET, TAVANUR

ONLINE PUBLIC ACCESS CATALOGUE (OPAC)

Computer:Genesis, programming and applications in Fortran &&, BASIC and COBOL / (Record no. 9700)

MARC details
000 -LEADER
fixed length control field 00528cam a2200193ua 4500
041 ## - LANGUAGE CODE
Language code of text/sound track or separate title eng
082 ## - DEWEY DECIMAL CLASSIFICATION NUMBER
Classification number 005.133
Item number SUB/CO
100 ## - MAIN ENTRY--AUTHOR NAME
Personal name Subramanian, N .
245 ## - TITLE STATEMENT
Title Computer:Genesis, programming and applications in Fortran &&, BASIC and COBOL /
250 ## - EDITION STATEMENT
Edition statement 3 /
260 ## - PUBLICATION, DISTRIBUTION, ETC. (IMPRINT)
Place of publication New Delhi :
Name of publisher A.H.Wheeler & Co.Ltd. ,
Year of publication 1995.
300 ## - PHYSICAL DESCRIPTION
Number of Pages 527 ; .
700 1# - ADDED ENTRY--PERSONAL NAME
Personal name Chitra, S .
942 ## - ADDED ENTRY ELEMENTS (KOHA)
Koha item type Books
Holdings
Withdrawn status Lost status Damaged status Home library Current library Date acquired Full call number Accession Number Koha item type
      KAUAET KAUAET 07/04/2012 005.133 19657 Books
free website counter